Aminosäuren - Statistiken

Allgemein
  • Dieses Quiz wurde 286 mal gespielt
  • Das Durchschnittsergebnis liegt bei 14 aus 20
Antwortstatistiken
Einbuchstabencode 3-Buchstabencode Aminosäure % Korrekt
A Ala Alanin
99%
C Cys Cystein
88%
L Leu Leucin
79%
V Val Valin
79%
K Lys Lysin
78%
S Ser Serin
77%
F Phe Phenylalanin
73%
G Gly Glycin
72%
R Arg Arginin
70%
D Asp Asparaginsäure
70%
E Glu Glutaminsäure
70%
M Met Methionin
69%
P Pro Prolin
69%
Q Gln Glutamin
67%
Y Tyr Tyrosin
67%
I Ile Isoleucin
65%
W Trp Tryptophan
65%
N Asn Asparagin
63%
H His Histin
29%
T Thr Threorin
4%
Keine übereinstimmenden Quizze gefunden
Verteilung der Resultate
Anzahl Personen mit jedem Resultat
Perzentil nach korrekt beantworteten Fragen
Ihre Resultats-Entwicklung
Sie haben dieses Quiz noch nicht gespielt